000 01833nam a2200373 c 4500
999 _c143956
_d143956
003 BLK
005 20210202140120.0
008 180410b bul|||||r ||||||| ||bul||
010 _aKNG00150105000
040 _aBLK
041 _aBUL
_cBUL
080 _aБългарска литература
_b821.163.2
_x-93-34
_z821.163.2-93-34
139 _aПъстра книжка
_bП 97
245 1 0 _aПъстра книжка
_b3 приказки
_cил. Невена Петрова Тузсузова; с послесл. от Ема Стоянова Йончева; * Иван Мартинов; * Мария Павлова; * Лила Захариева.
250 _a2. изд.
257 _aBGR
260 _bБълг. художник
_c1973
_aСофия
_fКартна фабрика
300 _a48 с.
_bс ил.
_c30 см
380 _aDX
490 1 _aПоредица Любими детски илюстратори
500 _a1. изд. 1971. - 50 000 тир. - Съдържа: Слънчевото зрънце / Мария Павлова. Горската аптека / Лила Захариева. Една снежинка разказва / Иван Мартинов.
653 _aдетска литература
653 _aлитература за деца
700 1 _aТузсузова, Невена Петрова
_eил.
_9377179
700 1 _aЙончева, Ема Стоянова
_eс послесл. от
_9379403
700 1 _aМартинов, Иван
_e*
_gГеоргиев, Иван Цеков
_9377039
700 1 _aПавлова, Мария
_e*
_9364963
700 1 _aЗахариева, Лила
_e*
_9379233
852 _aЦб ІІ 18563
856 4 _qpdf
856 4 _qpdf
942 _cKNG
_n0
_02
_s1
944 _aCR
_c03.09.2013
_l03.09.2013 - от С1,Р / 03.09.2013
_kИвелин_Иванов
944 _aED
_c03.09.2013
_l03.09.2013 - от С1,Р / 03.09.2013
999 _d143956